Pakistan : Third Review Under the Stand-By Arrangement and Request for Waiver of Performance Criterion.

Pakistan showed commendable performance under the Stand-By Arrangement. Executive Directors noted the substantial progress in the structural reforms, but expressed concerns about the slippage in revenue performance, and heavy foreign exchange intervention in the kerb market to meet the reserves'...

全面介紹

書目詳細資料
企業作者: International Monetary Fund
格式: 雜誌
語言:English
出版: Washington, D.C. : International Monetary Fund, 2001.
叢編:IMF Staff Country Reports; Country Report ; No. 2001/178
在線閱讀:Full text available on IMF
LEADER 01733cas a2200241 a 4500
001 AALejournalIMF001729
008 230101c9999 xx r poo 0 0eng d
020 |c 5.00 USD 
020 |z 9781451830590 
022 |a 1934-7685 
040 |a BD-DhAAL  |c BD-DhAAL 
110 2 |a International Monetary Fund. 
245 1 0 |a Pakistan :   |b Third Review Under the Stand-By Arrangement and Request for Waiver of Performance Criterion. 
264 1 |a Washington, D.C. :  |b International Monetary Fund,  |c 2001. 
300 |a 1 online resource (58 pages) 
490 1 |a IMF Staff Country Reports 
500 |a <strong>Off-Campus Access:</strong> No User ID or Password Required 
500 |a <strong>On-Campus Access:</strong> No User ID or Password Required 
506 |a Electronic access restricted to authorized BRAC University faculty, staff and students 
520 3 |a Pakistan showed commendable performance under the Stand-By Arrangement. Executive Directors noted the substantial progress in the structural reforms, but expressed concerns about the slippage in revenue performance, and heavy foreign exchange intervention in the kerb market to meet the reserves' program targets. They stressed the need to build foreign exchange reserves, improve monetary and exchange rates, liberalize the foreign exchange interbank market, improve governance, and strengthen the financial system. They agreed that Pakistan has successfully completed the third review under the Stand-By Arrangement, and approved a waiver. 
538 |a Mode of access: Internet 
830 0 |a IMF Staff Country Reports; Country Report ;  |v No. 2001/178 
856 4 0 |z Full text available on IMF  |u http://elibrary.imf.org/view/journals/002/2001/178/002.2001.issue-178-en.xml  |z IMF e-Library